书目信息 |
| 题名: |
占星术杀人魔法
|
|
| 作者: | 岛田庄司 著 ;王鹏帆 译 | |
| 分册: | ||
| 出版信息: | 北京 新星出版社 2019.7 |
|
| 页数: | 413页 | |
| 开本: | 21cm | |
| 丛书名: | 午夜文库 | |
| 单 册: | ||
| 中图分类: | I313.45 | |
| 科图分类: | ||
| 主题词: | 推理小说--日本--现代 , 长篇小说--日本--现代 | |
| 电子资源: | ||
| ISBN: | 978-7-5133-3579-9 | |
| 000 | 00989oam2 2200349 450 | |
| 001 | 010394689 | |
| 005 | 20200522094905.0 | |
| 010 | @a978-7-5133-3579-9@b精装@dCNY59.00 | |
| 049 | @aO330100ZJX@bUCS01009695804 | |
| 090 | @aI313.45@bdtz | |
| 096 | @aI313.45@bdtz | |
| 100 | @a20190911d2019 em y0chiy0120 ea | |
| 101 | 1 | @achi@cjpn |
| 102 | @aCN@b110000 | |
| 105 | @aa z 000ay | |
| 106 | @ar | |
| 200 | 1 | @a占星术杀人魔法@9zhan xing shu sha ren mo fa@b专著@f(日)岛田庄司著@g王鹏帆译 |
| 205 | @a5版 | |
| 210 | @a北京@c新星出版社@d2019.7 | |
| 215 | @a413页@c图@d21cm | |
| 225 | 2 | @a午夜文库@i大师系列 |
| 300 | @a岛田庄司作品 | |
| 305 | @a讲谈社授权出版 | |
| 308 | @a文库050 | |
| 461 | 0 | @1001003890119 |
| 606 | 0 | @a推理小说@y日本@z现代 |
| 606 | 0 | @a长篇小说@y日本@z现代 |
| 690 | @aI313.45@v5 | |
| 701 | 0 | @c(日)@a岛田庄司@9dao tian zhuang si@4著 |
| 702 | 0 | @a王鹏帆@9wang peng fan@4译 |
| 801 | 0 | @aCN@b人天书店@c20200616 |
| 905 | @aTSG@dI313.45@eD190@f2 | |
| 占星术杀人魔法/(日)岛田庄司著/王鹏帆译.-5版.-北京:新星出版社,2019.7 |
| 413页:图;21cm.-(午夜文库.大师系列) |
| 岛田庄司作品 |
| ISBN 978-7-5133-3579-9(精装):CNY59.00 |
| ● |
| 相关链接 |
|
|
|
正题名:占星术杀人魔法
索取号:I313.45/D190
 
预约/预借
| 序号 | 登录号 | 条形码 | 馆藏地/架位号 | 状态 | 备注 |
| 1 | 1538150 | 215381502 | 文学库116/116文学库 14排2列6层/ [索取号:I313.45/D190] | 在馆 | |
| 2 | 1538151 | 215381511 | 文学库116/116文学库 14排2列6层/ [索取号:I313.45/D190] | 在馆 |